Nulidades en procesos de ejecucion y en los que haya remate de bienes : (Registro nro. 34142)

Detalles MARC
000 -LEADER
fixed length control field 01426nam a2200301 4500
001 - CONTROL NUMBER
control field 0000017483
003 - CONTROL NUMBER IDENTIFIER
control field CO-CtgCURN
005 - DATE AND TIME OF LATEST TRANSACTION
control field 20250516163010.0
007 - PHYSICAL DESCRIPTION FIXED FIELD--GENERAL INFORMATION
fixed length control field ta
008 - FIXED-LENGTH DATA ELEMENTS--GENERAL INFORMATION
fixed length control field 160627s2000 000 0 eng d
020 ## - INTERNATIONAL STANDARD BOOK NUMBER
International Standard Book Number 9586761053
040 ## - CATALOGING SOURCE
Original cataloging agency CO-CtgCURN
Language of cataloging spa
Transcribing agency coctgcurn
082 0# - DEWEY DECIMAL CLASSIFICATION NUMBER
Classification number 347.8610
Item number C15n
100 1# - MAIN ENTRY--PERSONAL NAME
Personal name Canosa Torrado, Fernando.
245 10 - TITLE STATEMENT
Title Nulidades en procesos de ejecucion y en los que haya remate de bienes :
Remainder of title nulidad por librarse ejecucion, sin que se haya cumplido el tramite prescrito por el articulo 1434 del Código Civil /
Statement of responsibility, etc. Fernando Canosa Torrado.
260 ## - PUBLICATION, DISTRIBUTION, ETC.
Place of publication, distribution, etc. Bogotá :
Name of publisher, distributor, etc. Ediciones Doctrina y Ley,
Date of publication, distribution, etc. 2000.
300 ## - PHYSICAL DESCRIPTION
Extent 160 p.
336 ## - CONTENT TYPE
Source rdacontent
337 ## - MEDIA TYPE
Source rdamedia
Media type term sin mediacion
Media type code n
338 ## - CARRIER TYPE
Source rdacarrier
Carrier type term volumen
Carrier type code nc
504 ## - BIBLIOGRAPHY, ETC. NOTE
Bibliography, etc. note Bbliografia (p. [159]-160)
505 8# - FORMATTED CONTENTS NOTE
Formatted contents note Nulidades en los procesos de ejecucion y en los que haya remate de bienes.--Causal de nulidad por librarse ejecucion despues de la muerte del deudor, sin que haya cumplido el tramite previsto por el articulo 1434 del Código civil.--Causal de nulidad por la falta de las formalidades prescritas para hacer el remate de bienes
650 14 - SUBJECT ADDED ENTRY--TOPICAL TERM
Topical term or geographic name entry element Nulidad (Derecho civil)
Geographic subdivision Colombia.
908 ## - PUT COMMAND PARAMETER (RLIN)
Put command parameter 160627
942 ## - ADDED ENTRY ELEMENTS (KOHA)
Koha item type Libros
Classification part 347.8610
Item part C15n
Source of classification or shelving scheme Dewey Decimal Classification
Suppress in OPAC No
Existencias
Withdrawn status Lost status Source of classification or shelving scheme Damaged status Not for loan Collection Home library Current library Shelving location Date acquired Inventory number Total checkouts Full call number Barcode Date last seen Copy number Price effective from Koha item type Public note
    Dewey Decimal Classification     General Miguel Henríquez Castañeda Miguel Henríquez Castañeda General 04/29/2025 005849   347.8610 C15n 005849 04/29/2025 ej.1 04/29/2025 Libros 340-DEREC
    Dewey Decimal Classification     General Miguel Henríquez Castañeda Miguel Henríquez Castañeda General 04/29/2025 014140   347.8610 C15n 014140 04/29/2025 ej.2 04/29/2025 Libros 340-DEREC